Tasmanian Animals - Statistics

General Stats
  • This quiz has been taken 54 times
  • The average score is 6 of 12
Answer Stats
Hint Answer % Correct
Which Tasmanian animal was famously caricatured by the Looney Tunes character Taz? Tasmanian devil
98%
What animal did farmers fear the above was killing? Sheep
80%
Which animal was hunted to extinction in the early 20th century? Tasmanian tiger
80%
Name one of the three types of snakes found in Tasmania Tiger | Lowland copperhead | White-lipped
80%
Which famously aggressive Australian bird's Tasmanian counterpart is much friendlier? Magpie
66%
There is a population of wallabies on Bruny Island, off the southeast of Tasmania, with which mutation? Albinism
49%
Wineglass Bay on the state's East Coast got its name from the colour produced by hunting which animal? Whales
44%
Which animals were introduced to Macquarie Island, about 1500km (930mi) southeast of mainland Tasmania, to control pest animal populations, only to become a pest themselves? Cats
41%
Which Tasmanian bird is also commonly known as a turbo chook, due to its impressive running speed of up to 50 kph (31 mph)? Tasmanian native hen
37%
The town of Latrobe in the state's northwest is sometimes given which title? {Platypus} capital of the world
24%
Which critically endangered bird flies south to Tasmania to breed during the summer? Swift parrot
22%
What is the meaning of the above animal's genus, Sarcophilus? Meatlover
12%
No matching quizzes found
Score Distribution
Percent of People with Each Score
Percentile by Number Answered
Your Score History
You have not taken this quiz